Goya a la Mejor Actriz de Reparto - Estadísticas

Estadísticas generales
  • Esta prueba ha sido intentada 174 veces
    7 desde el último reinicio
  • La puntuación promedio es 11 de 36
Estadísticas de respuestas
Actriz % Correcto
Penélope Cruz
100%
Candela Peña
86%
Carmen Maura
86%
Carolina Yuste
86%
Carmen Machi
71%
Terele Pávez
71%
Verónica Forqué
71%
Chus Lampreave
57%
Julieta Serrano
57%
Susi Sánchez
57%
Laia Marull
43%
Nagore Aranburu
43%
Nathalie Poza
43%
Ana Wagener
29%
Ane Gabarain
29%
Charo López
29%
María Barranco
29%
María Galiana
29%
Nora Navas
29%
Adelfa Calvo
14%
Emma Suárez
14%
Luisa Gavasa
14%
Pilar Bardem
14%
Rosa Maria Sardà
14%
Adriana Ozores
0%
Amparo Baró
0%
Clara Segura
0%
Elvira Mínguez
0%
Geraldine Chaplin
0%
Julia Gutiérrez Caba
0%
Kiti Manver
0%
Mabel Rivera
0%
María Asquerino
0%
María Luisa Ponte
0%
Marta Etura
0%
Mary Carrillo
0%
No se encontraron pruebas coincidentes
Distribución de puntuación
Porcentaje de gente con cada puntuación
Porcentaje por número respondido
Historial de tus puntuaciones
No has intentado esta prueba desde el último reinicio